000 00326nam a22001457a 4500
999 _c258656
_d258655
003 OSt
005 20200625092733.0
008 200625b xxu||||| |||| 00| 0 eng d
020 _a9044927396
040 _cN/A
100 _aRobin Cook
245 _aVerminkt
260 _aNew York
_bZwarte Beertjes
_c1997
942 _2lcc
_cBK